[Event "ch-Balkan"]
[Site "Istanbul TUR"]
[Date "2002.12.11"]
[Round "3"]
[White "Erdogan,H"]
[Black "Sofronie,I"]
[Result "1/2-1/2"]
[WhiteElo "2215"]
[BlackElo "2460"]

1.d4 Nf6 2.c4 g6 3.Nc3 Bg7 4.e4 O-O 5.Nf3 d6 6.Be2 e5 7.dxe5 dxe5 8.Qxd8 Rxd8
9.Bg5 Rf8 10.Nd5 Nxd5 11.cxd5 c6 12.Bc4 b5 13.Bb3 Bb7 14.O-O-O c5 15.a3 Nd7
16.Nd2 c4 17.Ba2 Rfc8 18.Kb1 Bf8 19.Ka1 Bc5 20.Rhf1 f6 21.Be3 Bxe3 22.fxe3 Kg7
23.Rc1 Nc5 24.b3 cxb3 25.Nxb3 Nxb3+ 26.Bxb3 Rxc1+ 27.Rxc1 Rc8 28.Rxc8 Bxc8
29.Kb2 Kf8 30.Kc3 a5 31.a4 bxa4 32.Bxa4 Ba6 33.d6 Kf7 34.g3 Bb7 35.Bb3+ Ke8
36.Ba4+ Kd8 37.Kd3 Bc8 38.Kc4 Bd7 39.Kb3 g5 40.Ka3 h5 41.h4 gxh4 42.gxh4 Bg4
43.Bc6 Bd1 44.Bb5 Bf3 45.Bd3 Kd7 46.Ka4 Kxd6 47.Kxa5 f5 48.exf5 e4 49.Bb5 Ke5
50.Kb4 Kxf5  1/2-1/2

[Event "ch-Balkan"]
[Site "Istanbul TUR"]
[Date "2002.12.11"]
[Round "3"]
[White "Yeke,S"]
[Black "Arduman,C"]
[Result "1-0"]
[WhiteElo "2280"]
[BlackElo "2369"]

1.Nf3 Nf6 2.c4 g6 3.Nc3 Bg7 4.e4 d6 5.d4 O-O 6.Be2 e5 7.Be3 Na6 8.d5 Ng4
9.Bg5 f6 10.Bh4 Nh6 11.Nd2 g5 12.Bg3 f5 13.f3 g4 14.Bf2 Qg5 15.fxg4 Nxg4
16.Bxg4 fxg4 17.Qe2 Nb4 18.Nf1 Rxf2 19.Kxf2 g3+ 20.Kg1 Bg4 21.Qe3 gxh2+ 22.Rxh2 Qg6
23.Qg3 Nc2 24.Rc1 Nd4 25.Ne3 Bd7 26.Qxg6 hxg6 27.Rf1 a6 28.g4 Rf8 29.Rxf8+ Bxf8
30.Rf2 Bh6 31.Ncd1 a5 32.b3 Bg5 33.Kg2 Bh4 34.Rb2 b6 35.Kh3 Bg5 36.a3 a4
37.b4 Nb3 38.Kg3 Kf7 39.Kf2 Nc1 40.Rc2 Bh4+ 41.Kf3 Nb3 42.Rh2 Nd4+ 43.Kg2 Bf6
44.Rh7+ Bg7 45.Nc3 Kg8 46.Rh2 Nb3 47.Kf2 Bf6 48.Ke2 Bg5 49.Rh1 Nd4+ 50.Kd3 Nb3
51.Rf1 Kg7 52.Rg1 Kf6 53.Rh1 Kg7 54.Rg1 Kf6 55.b5 Nc5+ 56.Ke2 Kg7 57.Nc2 Kf6
58.Nb4 Nb3 59.Nxa4 Ke7 60.Nc3 Nd4+ 61.Kd3 Nf3 62.Rg3 Nh2 63.Rh3 Nxg4 64.Rh7+ Ke8
65.Rg7 Bf6 66.Rh7 Nf2+ 67.Ke3 Ng4+ 68.Kf3 Bc8 69.Rxc7  1-0

[Event "Friendship A"]
[Site "Roznov CZE"]
[Date "2002.12.11"]
[Round "7"]
[White "Kantorik,M"]
[Black "Kovalev,A"]
[Result "0-1"]
[WhiteElo "2364"]
[BlackElo "2555"]

1.d4 Nf6 2.c4 d6 3.Nc3 Nbd7 4.e4 e5 5.Nf3 g6 6.Be2 Bg7 7.O-O O-O 8.dxe5 dxe5
9.Be3 c6 10.h3 Qe7 11.Qd2 Nc5 12.Qc2 Nh5 13.Rfe1 Ne6 14.Rad1 Nhf4 15.Bf1 Qf6
16.Nh2 Nd4 17.Qc1 h5 18.Ne2 Nfxe2+ 19.Bxe2 c5 20.Nf1 Qa6 21.Qc3 Qxa2 22.Bd3 Qa4
23.Bc1 Be6 24.Ne3 Rac8 25.Nd5 Bxd5 26.cxd5 c4 27.Bf1 b5 28.Bg5 b4 29.Qg3 c3
30.Be7 Rfe8 31.Ra1 Qd7 32.Bxb4 cxb2 33.Rab1 Nc2 34.Rxb2 Nxe1 35.Bxe1 Rb8
36.Qa3 Bf8 37.Qa2 Rxb2 38.Qxb2 Bc5 39.Bc3 Qd6 40.Bb5 Re7 41.Bc6 f6 42.g3 Kh7
43.Kg2 h4 44.gxh4 Rf7 45.Qe2 Bd4 46.Bd2 f5 47.exf5 Rxf5 48.f3 Bb6 49.Be3 Qe7
50.Bxb6 axb6 51.Qe3 Qxh4 52.Qxb6 Rg5+ 53.Kf1 Qxh3+ 54.Ke2 Rg2+ 55.Ke3 Qh6+
56.Kd3 Qd2+ 57.Kc4 Qc1+ 58.Kb5 Rb2+ 59.Ka6 Rxb6+ 60.Kxb6 Qa3 61.Kc7 Qa7+
62.Bb7 Qa5+ 63.Kd7 Kg7 64.d6 Kf7 65.Bc6 Qa7+ 66.Kd8 Ke6  0-1

[Event "Winter Cup"]
[Site "Bucharest ROM"]
[Date "2002.12.12"]
[Round "12"]
[White "Diulger,A"]
[Black "Aldea,L"]
[Result "1/2-1/2"]
[WhiteElo "2326"]
[BlackElo "2296"]

1.d4 Nf6 2.Nf3 g6 3.c4 Bg7 4.Nc3 d6 5.e4 O-O 6.Be2 e5 7.d5 a5 8.Bg5 h6 9.Bh4 Na6
10.Nd2 Qe8 11.O-O Nh7 12.a3 Bd7 13.b4 axb4 14.axb4 Nxb4 15.Qb3 Na6 16.Qxb7 Qc8
17.Rfb1 Bf6 18.Bxf6  1/2-1/2

[Event "ch-Balkan"]
[Site "Istanbul TUR"]
[Date "2002.12.12"]
[Round "4"]
[White "Yeke,S"]
[Black "Grigore,Ge"]
[Result "1/2-1/2"]
[WhiteElo "2280"]
[BlackElo "2482"]

1.Nf3 Nf6 2.c4 g6 3.Nc3 Bg7 4.e4 d6 5.d4 O-O 6.Be2 e5 7.d5 a5 8.Bg5 h6 9.Bh4 Na6
10.O-O Qe8 11.Nd2 Nh7 12.a3 Bd7 13.Kh1 a4 14.Nb5 Bxb5 15.cxb5 Nc5 16.Bc4 Bf6
17.Bg3 Qe7 18.f3 Bh4 19.Bxh4 Qxh4 20.b4 axb3 21.Nxb3 Nxb3 22.Bxb3 b6 23.g3 Qe7
24.Qd2 Kg7 25.a4 Nf6 26.a5 bxa5 27.Rxa5 Nd7 28.Rfa1 Rxa5 29.Rxa5 Nc5 30.Bc2 Rb8
31.Qc3 Qe8 32.Bd3 Ra8 33.Bf1 Rxa5 34.Qxa5 Qb8 35.Kg1 Nb3 36.Qa6 Nc5 37.Qa5 h5
38.Kf2 Qd8 39.Be2 h4 40.Qa7 Nb3 41.Qe3 Nc5 42.f4 hxg3+ 43.hxg3 Qe7 44.f5 Qf6
45.Bg4 Qd8 46.fxg6 fxg6 47.Kg2 Qe8 48.Be2 Qd7 49.g4 Qe7 50.g5 Qd8 51.Bg4 Qe7
52.Kg3 Qd8 53.Bh3 Qe7 54.Bg4  1/2-1/2

[Event "16th Masters"]
[Site "Clichy FRA"]
[Date "2002.12.15"]
[Round "2"]
[White "Guilbert,H"]
[Black "Sanchez,Lo"]
[Result "1/2-1/2"]
[WhiteElo "2145"]
[BlackElo "2239"]

1.Nf3 Nf6 2.c4 g6 3.Nc3 Bg7 4.e4 d6 5.d4 O-O 6.Be2 e5 7.O-O exd4 8.Nxd4 Re8
9.f3 Nc6 10.Be3 Nh5 11.g4 Be5 12.Nxc6 bxc6 13.gxh5 Bxh2+ 14.Kxh2 Qh4+ 15.Kg1 Qg3+
16.Kh1 Re5 17.f4  1/2-1/2

[Event "ch-Balkan"]
[Site "Istanbul TUR"]
[Date "2002.12.15"]
[Round "7"]
[White "Rama,L"]
[Black "Arduman,C"]
[Result "0-1"]
[WhiteElo "2348"]
[BlackElo "2369"]

1.d4 Nf6 2.c4 g6 3.Nc3 Bg7 4.e4 d6 5.Nf3 O-O 6.Be2 e5 7.O-O Na6 8.Re1 Qe8
9.d5 Nc5 10.Nd2 a5 11.Bf1 a4 12.b4 axb3 13.Nxb3 Na4 14.Nb5 Qe7 15.Bg5 h6
16.Bd2 Ne8 17.Qc1 Kh7 18.Bd3 c6 19.Nc3 Nxc3 20.Bxc3 c5 21.Qb2 Kg8 22.Nd2 Qg5
23.Re3 h5 24.Rg3 Qe7 25.Re3 Bh6 26.Re2 h4 27.Rf1 f6 28.Rb1 Ng7 29.g3 Qd7
30.Nf3 hxg3 31.fxg3 Qg4 32.Nh4 Nh5 33.Ng2 f5 34.Bd2 Bxd2 35.Qxd2 f4 36.Rf2 fxg3
37.Rxf8+ Kxf8 38.Rf1+ Kg7 39.hxg3 Nxg3  0-1

[Event "ch-Balkan"]
[Site "Istanbul TUR"]
[Date "2002.12.16"]
[Round "8"]
[White "Yeke,S"]
[Black "Rama,L"]
[Result "1/2-1/2"]
[WhiteElo "2280"]
[BlackElo "2348"]

1.Nf3 Nf6 2.c4 g6 3.Nc3 Bg7 4.e4 d6 5.d4 O-O 6.Be2 e5 7.d5 a5 8.Bg5 h6 9.Bh4 Na6
10.O-O Qe8 11.Nd2 Nh7 12.a3 Bd7 13.Kh1 h5 14.f3 Bf6 15.Bf2 Qe7 16.Rb1 Bg5
17.b4 axb4 18.axb4 b6 19.Bd3 h4 20.Re1 Nf6 21.Nf1 Nh5 22.Be3 Bxe3 23.Nxe3 Qg5
24.Qb3 f5 25.exf5 gxf5 26.c5 Nf4 27.Bxa6 Rxa6 28.c6 Bc8 29.Nb5 Rf7 30.Ra1 Rg7
31.Qc2 Rxa1 32.Rxa1 Nxg2 33.Nxg2 h3 34.Na7 hxg2+ 35.Kg1 Qe3+ 36.Qf2 Qc3 37.Re1 Ba6
38.b5 Qa5 39.Qe2 Bb7 40.cxb7 Qxa7 41.f4 Qxb7 42.Qh5 Qa8 43.fxe5 dxe5 44.Qxf5 Qxd5
45.Qxe5  1/2-1/2

[Event "Cerrado CEMAR B"]
[Site "Mondariz ESP"]
[Date "2002.12.18"]
[Round "4"]
[White "Valles Moreno,I"]
[Black "Ivanov,J"]
[Result "1-0"]
[WhiteElo "2294"]
[BlackElo "2429"]

1.d4 Nf6 2.Nf3 g6 3.c4 Bg7 4.Nc3 O-O 5.e4 d6 6.Be2 Nbd7 7.O-O e5 8.Be3 h6
9.dxe5 dxe5 10.Nd2 Nh7 11.c5 Ng5 12.Nc4 Kh8 13.b4 f5 14.f3 f4 15.Bf2 Ne6
16.Kh1 g5 17.Rc1 Qe8 18.Nd5 h5 19.Rc2 Qf7 20.Rd2 Rd8 21.Qc1 Ndf8 22.Rfd1 Ng6
23.Qb1 Rg8 24.b5 Bf8 25.b6 c6 26.bxa7 Bxc5 27.Bxc5 Nxc5 28.Ndb6 Rxa7 29.Nxc8 Ra8
30.N8b6  1-0

[Event "Rotary Open"]
[Site "Lindsborg Kansas USA"]
[Date "2002.12.19"]
[Round "3"]
[White "Kraai,J"]
[Black "Zilberstein,Dm"]
[Result "1/2-1/2"]
[WhiteElo "2449"]
[BlackElo "2330"]

1.Nf3 Nf6 2.c4 g6 3.Nc3 Bg7 4.e4 d6 5.d4 O-O 6.Be2 e5 7.O-O exd4 8.Nxd4 Nc6
9.Be3 Re8 10.f3 Nh5 11.Qd2 Nf4 12.Rfd1 Nxe2+ 13.Ndxe2 Be6 14.b3 f5 15.Rac1 Qe7
16.exf5 Bxf5 17.Nd5 Qf7 18.Ng3 Rac8 19.Bh6 Bh8 20.Re1 Nd4 21.Qg5 Be6 22.Ne4 Bxd5
23.Qxd5 Qxd5 24.cxd5 Re5 25.Bf4 Rxd5 26.Bxd6 c6 27.Be7 Re8 28.Bf6 Re6 29.Bxh8 Kxh8
30.Kf1 Kg7 31.Red1 Re7 32.Kf2 Rdd7 33.b4 Ne6 34.Ke3 Ng5 35.Kf2 Rxd1 36.Rxd1 Nxe4+
37.fxe4 h6  1/2-1/2

[Event "XV Carlos Torre"]
[Site "Merida MEX"]
[Date "2002.12.20"]
[Round "8"]
[White "Lalic,B"]
[Black "Zapata,A"]
[Result "1/2-1/2"]
[WhiteElo "2542"]
[BlackElo "2556"]

1.d4 Nf6 2.c4 g6 3.Nc3 Bg7 4.e4 d6 5.Nf3 O-O 6.Be2 Nbd7 7.O-O e5 8.Be3 Ng4
9.Bg5 f6 10.Bd2 c6 11.d5 Qe7 12.b4 f5 13.Ng5 Ndf6 14.exf5 gxf5 15.h3 Nh6
16.f4 e4  1/2-1/2

[Event "Rotary Open"]
[Site "Lindsborg Kansas USA"]
[Date "2002.12.21"]
[Round "6"]
[White "Pruess,D"]
[Black "Grancea,M"]
[Result "1-0"]
[WhiteElo "2351"]
[BlackElo "2082"]

1.d4 Nf6 2.c4 g6 3.Nc3 Bg7 4.e4 d6 5.Nf3 O-O 6.Be2 e5 7.Be3 Nc6 8.d5 Ne7
9.Nd2 Nd7 10.Rc1 f5 11.f3 f4 12.Bf2 g5 13.g4 fxg3 14.hxg3 Rf6 15.Nf1 Rh6
16.Rg1 Nf6 17.Be3 Rg6 18.Qd2 Bh6 19.Kd1 c6 20.Kc2 c5 21.g4 a6 22.Ng3 Qf8
23.Nf5 Ne8 24.Rg3 Kh8 25.Rh1 Ng8 26.Rgh3 Nef6 27.Bd3 b6 28.Qh2 Bxf5 29.exf5 Rg7
30.Rxh6 Nxh6 31.Qxh6 Ng8 32.Qh2 h6 33.Ne4 Qd8 34.f6 Nxf6 35.Bxg5  1-0

[Event "TCh2-BEL 2002-3"]
[Site "Belgium BEL"]
[Date "2002.12.23"]
[Round "5"]
[White "Sadkowsky,D"]
[Black "De Jonghe,B"]
[Result "0-1"]
[WhiteElo "2299"]
[BlackElo "2280"]

1.d4 Nf6 2.Nf3 g6 3.c4 Bg7 4.Nc3 O-O 5.e4 d6 6.Be2 e5 7.O-O Na6 8.Be3 Qe8
9.dxe5 dxe5 10.Nd2 Nd7 11.a3 Ndc5 12.b4 Ne6 13.c5 b6 14.Nb3 bxc5 15.b5 Nb8
16.Nxc5 Nd4 17.Rc1 a6 18.Nd5 Qd8 19.bxa6 Nxa6 20.Bxa6 Bxa6 21.Nxa6 Rxa6 22.Rxc7 Rxa3
23.Qd2 Qa8 24.Bh6 Qa6 25.h4 Rh3 26.Ne7+ Kh8 27.Bxg7+ Kxg7 28.Nf5+ gxf5  0-1

[Event "TSGM Dec"]
[Site "Belgrade YUG"]
[Date "2002.12.24"]
[Round "4"]
[White "Stojanovic,Mih"]
[Black "Arsovic,Z"]
[Result "1-0"]
[WhiteElo "2472"]
[BlackElo "2410"]

1.Nf3 Nf6 2.c4 g6 3.Nc3 Bg7 4.e4 d6 5.d4 O-O 6.Be2 e5 7.d5 Na6 8.Nd2 h5 9.h3 Nh7
10.g4 hxg4 11.hxg4 Bf6 12.Nf1 Bg5 13.Be3 Qf6 14.a3 c5 15.dxc6 bxc6 16.Qd2 Nc5
17.Rd1 Rd8 18.Ng3 Bf4 19.Bxf4 exf4 20.Nf1 Ng5 21.f3 Be6 22.Qd4 Qxd4 23.Rxd4 Nb3
24.Rd1 Rab8 25.Nd2 Nd4 26.Rb1 Kg7 27.Kf2 Rh8 28.Rxh8 Rxh8 29.Kg2 Rh3 30.Rh1 Nxe2
31.Nxe2 Bxg4 32.Rf1 Bd7 33.Nxf4 Kf6 34.Rd1 Rh8 35.Nb3 Be6 36.Rxd6 Ke5 37.Nxe6 Nxe6
38.Rxc6 Rb8 39.Nc5 Nf4+ 40.Kg3 Nh5+ 41.Kf2 Rd8 42.Rc7 Nf4 43.Re7+ Kf6 44.Rxa7 g5
45.Rd7 Rh8 46.Rd2 Rh3 47.a4 g4 48.fxg4 Ke5 49.Rd8 Rh2+ 50.Ke3 Ng2+ 51.Kd2 Nf4+
52.Kc3  1-0

[Event "TSGM Dec"]
[Site "Belgrade YUG"]
[Date "2002.12.26"]
[Round "6"]
[White "Arsovic,Z"]
[Black "Abergel,T"]
[Result "1/2-1/2"]
[WhiteElo "2410"]
[BlackElo "2361"]

1.Nf3 Nf6 2.c4 g6 3.Nc3 Bg7 4.e4 d6 5.d4 O-O 6.Be2 e5 7.Be3 Nc6 8.d5 Ne7
9.h4 Ng4 10.Bd2 f5 11.h5 fxe4 12.Nxe4 gxh5 13.Rxh5 Bf5 14.Nh4 Bxe4 15.Bxg4 Qe8
16.Be6+ Kh8 17.Qg4 Ng8 18.Rg5 Nf6 19.Qh3 Bh6 20.Ng6+ Bxg6 21.Qxh6 Ne4 22.Be3 Nxg5
23.Bxg5 Qa4 24.Qh4 Qb4+ 25.Kf1 h5 26.Bf6+ Kh7 27.Bf5 Rxf6 28.Qxf6 Qxc4+ 29.Kg1 Rg8
30.Qf7+ Rg7 31.Bxg6+ Kh6 32.Qf6 Rxg6 33.Qh8+ Kg5 34.Qd8+ Kh6  1/2-1/2

[Event "Open A"]
[Site "Bethune FRA"]
[Date "2002.12.27"]
[Round "3"]
[White "Vanderstricht,G"]
[Black "Shchekachev,A"]
[Result "0-1"]
[WhiteElo "2403"]
[BlackElo "2551"]

1.d4 Nf6 2.c4 g6 3.Nc3 Bg7 4.e4 d6 5.Nf3 O-O 6.Be2 e5 7.O-O Na6 8.Re1 Qe8
9.Bf1 Bg4 10.d5 Nb4 11.Be2 a5 12.h3 Bd7 13.Bg5 Na6 14.Qd2 Kh8 15.Rab1 Ng8
16.b3 f6 17.Be3 f5 18.exf5 gxf5 19.Bg5 Qg6 20.Bh4 Rae8 21.Nh2 Bh6 22.Qd1 Nf6
23.Nf1 Rg8 24.g3 Bg5 25.Bxg5 Qxg5 26.Kh2 f4 27.Bf3 Nc5 28.Bg2 Bf5 29.Ra1 Nd3
30.Re2 Nxf2 31.Rxf2 fxg3+ 32.Nxg3 Qxg3+  0-1

[Event "32nd Rilton Cup"]
[Site "Stockholm SWE"]
[Date "2002.12.27"]
[Round "1"]
[White "Johansson,V"]
[Black "Gallagher,Jo"]
[Result "0-1"]
[WhiteElo "2165"]
[BlackElo "2540"]

1.d4 Nf6 2.c4 g6 3.Nc3 Bg7 4.e4 d6 5.Nf3 O-O 6.Be2 e5 7.O-O Na6 8.Bg5 h6
9.Bxf6 Qxf6 10.c5 exd4 11.Nd5 Qd8 12.cxd6 Qxd6 13.Bxa6 bxa6 14.Rc1 Bb7 15.Nxd4 Rae8
16.Nb3 Rxe4 17.Nxc7 Qe5 18.Rc2 Rh4 19.g3 Ra4 20.Re1 Bf3 21.Qc1 Qh5 22.Nd2 Bb7
23.Rc5 Qh3 24.Nd5 Rd4 25.Ne3 Rd3 26.Rc7 Ba8 27.Ndf1 Bd4 28.Qc2 Be4 29.Qc4 Qh5
30.Re7 Qf3 31.Rxe4 Qxe4 32.b3 Rc3 33.Qxa6 Bb6 34.Nd2 Qd3 35.Qxd3 Rxd3 36.Ndc4 Rfd8
37.Nxb6 axb6 38.Rc1 Kg7 39.Kf1 Rd2 40.Nc4 Rxa2 41.Nxb6 Rdd2  0-1

[Event "11th Donau Open"]
[Site "Aschach AUT"]
[Date "2002.12.28"]
[Round "4"]
[White "Dumancic,P"]
[Black "Butunoi,A"]
[Result "0-1"]
[WhiteElo "2175"]
[BlackElo "2404"]

1.d4 g6 2.c4 Nf6 3.Nc3 Bg7 4.e4 d6 5.Nf3 O-O 6.Be2 Na6 7.O-O e5 8.Bg5 h6
9.Bh4 g5 10.dxe5 Nh5 11.Bg3 Nxg3 12.fxg3 dxe5 13.Qxd8 Rxd8 14.Rad1 Be6 15.Rxd8+ Rxd8
16.Rd1 Rxd1+ 17.Nxd1 f6 18.a3 Nc5 19.Nd2 a5 20.g4 Bf8 21.Kf2 Kf7 22.Ke3 Bd7
23.Nc3 c6 24.h3 Ne6 25.Bf1 Bc5+ 26.Ke2 Bd4 27.Kd3 Nf4+ 28.Kc2 Bf2 29.Nb3 b6
30.c5 b5 31.Nd1 Bg1 32.Nxa5 Bxc5 33.b4 Bb6 34.Nb3 Ke7 35.Nb2 Kd6 36.Nd3 Ne6
37.Kc3 Be8 38.g3 Bg1 39.Bg2 Bh2 40.Ndc5 Nd8 41.a4 bxa4 42.Nxa4 Bxg3 43.Kd3 Ne6
44.Nbc5 Nd4 45.Nb6 Kc7 46.Na8+ Kd8 47.Nb6 Bg6 48.Kd2 Bf2 49.Nc4 Ke7 50.Nd3 Bg1
51.Ne3 Bxe3+ 52.Kxe3 Bf7 53.Kd2 Bc4 54.Nb2 Bb3 55.Nd1 Bf7  0-1

[Event "11th Donau Open"]
[Site "Aschach AUT"]
[Date "2002.12.28"]
[Round "4"]
[White "Bogdanov,O"]
[Black "Stanec,N"]
[Result "0-1"]
[WhiteElo "2297"]
[BlackElo "2523"]

1.d4 Nf6 2.Nf3 g6 3.c4 Bg7 4.Nc3 O-O 5.e4 d6 6.Be2 e5 7.O-O exd4 8.Nxd4 Re8
9.f3 c6 10.Nc2 Na6 11.Kh1 Nc7 12.Bg5 d5 13.cxd5 cxd5 14.Nb4 h6 15.Bh4 g5
16.Bg3 d4 17.Nb5 Nxb5 18.Bxb5 Re7 19.Bc4 a5 20.Nd5 Nxd5 21.Bxd5 Be6 22.Bxe6 Rxe6
23.Qd3 Qb6 24.Rab1 Rc8 25.f4 gxf4 26.Rxf4 Qa6 27.Qf3 Rf6 28.e5 Rxf4 29.Qxf4 d3
30.Qf5 Qc4 31.Rd1 Rd8 32.h3 d2 33.Bf4 h5 34.Rxd2 Qc1+ 35.Kh2 Rxd2 36.Qg5 Rxg2+
37.Kxg2 Qxb2+ 38.Kg3 Qe2 39.Qd8+ Kh7 40.Qxa5 Qe4 41.Qc3 Kg6 42.Qc5 h4+ 43.Kg4 f5+  0-1

[Event "35th Open"]
[Site "Trinec CZE"]
[Date "2002.12.28"]
[Round "1"]
[White "Lagowski,P"]
[Black "Jurcik,Mart"]
[Result "1-0"]
[WhiteElo "2350"]
[BlackElo "2038"]

1.d4 Nf6 2.c4 g6 3.Nc3 Bg7 4.e4 d6 5.Nf3 O-O 6.Be2 e5 7.dxe5 dxe5 8.Qxd8 Rxd8
9.Bg5 Re8 10.Nd5 Nxd5 11.cxd5 Bg4 12.Rc1 c6 13.Bc4 Nd7 14.h3 Bxf3 15.gxf3 Rac8
16.Ke2 Nb6 17.dxc6 Rxc6 18.Bb3 Rec8 19.Rxc6 Rxc6 20.Rd1 Bf8 21.a4 Rd6 22.Rc1 Rc6
23.Rxc6 bxc6 24.a5 Nd7 25.Ba4 Bb4 26.Be3 a6 27.Bd2 Bc5 28.b4 Bd4 29.Bxc6 Nb8
30.Bb7 Kf8 31.Be3 Bc3 32.Bc5+ Ke8 33.Bd6 Kd7 34.Bxb8 Bxb4 35.Bxe5 Bxa5 36.Bxa6 Ke6
37.f4 Bb6 38.Bc4+ Ke7 39.f3 f6 40.Bc3 Bc7 41.Ke3 Bb6+ 42.Bd4  1-0

[Event "26th Christmas Open Masters"]
[Site "Zurich SUI"]
[Date "2002.12.28"]
[Round "4"]
[White "Gaule,P"]
[Black "Gaponenko,I"]
[Result "1/2-1/2"]
[WhiteElo "2166"]
[BlackElo "2411"]

1.d4 Nf6 2.c4 g6 3.Nc3 Bg7 4.e4 d6 5.Be2 O-O 6.Nf3 e5 7.d5 a5 8.g3 Na6 9.Nh4 Ne8
10.O-O f5 11.exf5 gxf5 12.f4 e4 13.Be3 c5 14.h3 Rf6 15.Kf2 Rh6 16.Rh1 Bd7
17.Ng2 Nf6 18.Qd2 Qe7 19.Rag1 Rb8 20.Qd1 Nb4 21.Ne1 Re8 22.Qd2 Rb8 23.a3 Na6
24.Qd1 Nc7 25.g4 fxg4 26.hxg4 Rxh1 27.Rxh1 b5 28.g5 Nfe8 29.cxb5 Nxb5 30.Nxb5 Bxb5
31.Bxb5 Rxb5 32.b3 Qf7 33.Rh4 Nc7 34.f5 Qxf5+ 35.Rf4 Qxd5 36.Qg4 Qe6 37.Qxe6+ Nxe6
38.Rxe4 Kf7 39.Nf3 Rxb3 40.Ra4 Bc3 41.Rh4 Rxa3 42.Rxh7+ Bg7 43.Nh4 Nf8 44.g6+ Nxg6
45.Nf5 Ne5 46.Rxg7+ Kf6 47.Rg5 d5 48.Ng3 a4 49.Nh5+ Ke6 50.Ng7+ Kd6 51.Ne8+ Ke6
52.Ng7+ Kd6 53.Ne8+ Ke6  1/2-1/2

[Event "XVIII Winter Open"]
[Site "Nice FRA"]
[Date "2002.12.29"]
[Round "6"]
[White "Amigues,E"]
[Black "Gachet,S"]
[Result "1-0"]
[WhiteElo "2252"]
[BlackElo "2179"]

1.d4 Nf6 2.Nf3 g6 3.c4 Bg7 4.Nc3 O-O 5.e4 d6 6.Be2 e5 7.Be3 Ng4 8.Bg5 f6
9.Bh4 Nc6 10.d5 Ne7 11.Nd2 Nh6 12.f3 f5 13.b4 Bf6 14.Bf2 Bd7 15.c5 a5 16.bxa5 dxc5
17.Nc4 b5 18.axb6 cxb6 19.Qb3 Nc8 20.Rb1 fxe4 21.fxe4 Bg4 22.O-O Bxe2 23.Nxe2 Ng4
24.Bg3 Nd6 25.Nxd6 Qxd6 26.h3 Nh6 27.Qxb6 Qxb6 28.Rxb6 Rxa2 29.Nc3 Rc2 30.Rbxf6 Rxf6
31.Rxf6 Rxc3 32.Bxe5 Rc4 33.d6 Nf7 34.d7 Nd8 35.Bd6 Kg7 36.e5 Re4 37.Bf8+  1-0

[Event "35th Open"]
[Site "Trinec CZE"]
[Date "2002.12.29"]
[Round "3"]
[White "Lagowski,P"]
[Black "Kislov,M"]
[Result "1-0"]
[WhiteElo "2350"]
[BlackElo "2377"]

1.d4 Nf6 2.c4 g6 3.Nc3 Bg7 4.e4 d6 5.Nf3 O-O 6.Be2 e5 7.dxe5 dxe5 8.Qxd8 Rxd8
9.Bg5 Re8 10.Nd5 Nxd5 11.cxd5 c6 12.Bc4 b5 13.Bb3 a5 14.a3 Bb7 15.Rc1 Rc8
16.Be7 h6 17.O-O Nd7 18.dxc6 Rxc6 19.Bd5 Rxc1 20.Rxc1 Bxd5 21.exd5 e4 22.Nd2 f5
23.Rc7 Nb6 24.Rc5 Nc8 25.d6 Nxe7 26.dxe7 Bxb2 27.Rxb5 Bxa3 28.Rxa5 Re8 29.Rxa3 Rxe7
30.Kf1 Kf7 31.Ke2 Rc7 32.Ke3 Rc6 33.g4 fxg4 34.Nxe4 g5 35.Rc3 Rb6 36.Kd4 Ke6
37.Ng3 Kf6 38.Rc5 Ke6 39.Re5+ Kf6 40.Re4  1-0

[Event "26th Christmas Open Masters"]
[Site "Zurich SUI"]
[Date "2002.12.29"]
[Round "5"]
[White "Moor,O"]
[Black "Ekstroem,R"]
[Result "0-1"]
[WhiteElo "2377"]
[BlackElo "2478"]

1.d4 Nf6 2.c4 g6 3.Nc3 Bg7 4.e4 d6 5.Be2 O-O 6.Nf3 e5 7.dxe5 dxe5 8.Qxd8 Rxd8
9.Bg5 Re8 10.O-O-O h6 11.Be3 c6 12.h3 Bf8 13.Nd2 Be6 14.g4 Nbd7 15.f3 a6
16.Nb3 Rec8 17.h4 b5 18.Kb1 h5 19.g5 Ne8 20.Bf1 Nd6 21.Na5 Rab8 22.Ba7 Ra8
23.Bg1 Rab8 24.Ba7 Ra8 25.Bg1 Nxc4 26.Nxc4 bxc4 27.Na4 Rab8 28.Bh3 Bxh3 29.Rxh3 Rc7
30.Rh2 Be7 31.Rhd2 Rbb7 32.Bf2 Kf8 33.Be1 Nc5 34.Nxc5 Bxc5 35.Rd8+ Ke7 36.Bc3 Rd7
37.R1xd7+ Rxd7 38.Rc8 Kd6 39.Be1 Bd4 40.Kc2 Rb7 41.b3 a5 42.Rd8+ Ke7 43.Rc8 c5
44.Ra8 cxb3+ 45.axb3 c4 46.bxc4 Rb2+ 47.Kd1 Rb3 48.Bxa5 Rxf3 49.Bb4+ Kd7
50.c5 Rb3 51.Ra7+ Kc6 52.Be1 Rf3 53.Ke2 Rf4 54.Bg3 Rxe4+ 55.Kf3 Rg4 56.Re7 Bxc5  0-1

[Event "26th Christmas Open Masters"]
[Site "Zurich SUI"]
[Date "2002.12.30"]
[Round "7"]
[White "Moor,O"]
[Black "Pahud,C"]
[Result "1-0"]
[WhiteElo "2377"]
[BlackElo "2154"]

1.d4 Nf6 2.Nf3 g6 3.c4 Bg7 4.Nc3 O-O 5.e4 d6 6.Be2 e5 7.Be3 exd4 8.Nxd4 Re8
9.f3 c6 10.Bf2 d5 11.exd5 cxd5 12.O-O Nc6 13.c5 Nd7 14.Ndb5 d4 15.Nxd4 Nxd4
16.Bxd4 Bxd4+ 17.Qxd4 Qc7 18.Bb5 Re5 19.Bxd7 Bxd7 20.Nd5  1-0

[Event "32nd Rilton Cup"]
[Site "Stockholm SWE"]
[Date "2002.12.31"]
[Round "5"]
[White "Ivanov,Se"]
[Black "Trygstad,K"]
[Result "1/2-1/2"]
[WhiteElo "2561"]
[BlackElo "2299"]

1.d4 Nf6 2.c4 g6 3.Nc3 Bg7 4.e4 d6 5.Nf3 O-O 6.Be2 e5 7.O-O Na6 8.Re1 c6
9.Bf1 exd4 10.Nxd4 Ng4 11.h3 Qb6 12.hxg4 Qxd4 13.Qf3 Qe5 14.g5 Qe7 15.Qg3 Be5
16.f4 Bd4+ 17.Be3 Bxe3+ 18.Rxe3 f6 19.gxf6 Qxf6 20.f5 Kh8 21.Rd1 gxf5 22.Rxd6 Qg7
23.Qh4 f4 24.Rf3 Bg4 25.Rf2 Nc5 26.b4 Nd7 27.Ne2 f3 28.Nd4 fxg2 29.Bxg2 Rxf2
30.Qxf2 Rf8 31.Qg3 Qe5 32.Qxe5+ Nxe5 33.c5 Nc4 34.Rh6 Kg7 35.Rh4 Ne5 36.Rxg4+ Nxg4
37.Ne6+ Kf7 38.Nxf8 Kxf8 39.Bh3 Ne5 40.Bc8 Nd3 41.a3 b6 42.cxb6 axb6 43.Bd7 Ne5
44.Bf5 b5 45.Bxh7 Nc4 46.e5 Nxa3 47.Be4 Ke7 48.Bxc6  1/2-1/2

[Event "TCh-NOR Qualifier"]
[Site "NOR"]
[Date "2002.??.??"]
[Round "6"]
[White "Hansen,TR"]
[Black "Lie,K"]
[Result "1/2-1/2"]
[WhiteElo "2282"]
[BlackElo "2388"]

1.c4 Nf6 2.Nc3 g6 3.Nf3 Bg7 4.e4 O-O 5.d4 d6 6.Be2 e5 7.dxe5 dxe5 8.Qxd8 Rxd8
9.Bg5 Re8 10.Nd5 Nxd5 11.cxd5 c6 12.Bc4 cxd5 13.Bxd5 Nd7 14.Nd2 Nc5 15.Be3 Nd3+
16.Ke2 Nf4+ 17.Bxf4 exf4 18.Kf3 Be6 19.Nc4 Bxd5 20.exd5 Rec8 21.Rac1 Rc5
22.d6 Rac8 23.b3 Bf8 24.Rcd1 Rd8 25.a4 f6 26.Rd3 Kf7 27.h4 Ke6 28.Re1+ Kd7
29.Re4 b5 30.Na5 Rb8 31.b4 Re5 32.Rxf4 Re6 33.Nb3 Rxd6 34.Nc5+ Ke8 35.Re3+ Kf7
36.Ne4 Rc6 37.axb5 Rxb5 38.Ng5+ Kg8 39.Re8 Rc3+ 40.Ke2 Re5+ 41.Rxe5 fxe5
42.Re4 Rc2+ 43.Kf3 Bd6 44.b5 Rb2 45.Ra4 Bc5 46.Ke4 Rxb5 47.Kxe5 Bxf2+ 48.Ke6 Bxh4
49.Nh3 Rb6+ 50.Kd5 Bg3 51.Rxa7 Rb2 52.Ke4 Bb8 53.Rd7 h6 54.Kf3 Rb3+ 55.Ke4 Bh2
56.Ra7 Rb4+ 57.Kd5 Rb5+ 58.Ke6 Rb6+ 59.Kd5 Rd6+ 60.Ke4 Rd2 61.Kf3 Rd3+ 62.Ke2 Rg3
63.Kf2 Rb3 64.Ke2 g5 65.Nf2 Rb2+ 66.Kf3 Rb3+ 67.Kg4 Bg1 68.Ra8+ Kg7 69.Ra7+ Kf6
70.Ra6+ Ke5 71.Nh3 Rb4+ 72.Kh5 Rh4+ 73.Kg6 Be3 74.Ra5+ Kd6 75.Ra6+ Ke5 76.Ra5+ Kd6
77.Ra6+ Kc5 78.Ra3 Re4 79.Kf5 Re8 80.Ra6 Rh8  1/2-1/2

[Event "5th It"]
[Site "Ramat-Aviv ISR"]
[Date "2003.01.01"]
[Round "8"]
[White "Porat,D"]
[Black "Porat,S"]
[Result "0-1"]
[WhiteElo "2195"]
[BlackElo "2343"]

1.d4 Nf6 2.Nf3 g6 3.c4 Bg7 4.Nc3 d6 5.e4 O-O 6.Be2 e5 7.d5 a5 8.O-O Na6 9.Bg5 h6
10.Bh4 Qe8 11.Nd2 Nh7 12.a3 Bd7 13.b3 Bf6 14.Bxf6 Nxf6 15.Qc2 b6 16.Rab1 Nh7
17.b4 f5 18.exf5 gxf5 19.Kh1 Qg6 20.f3 Kh8 21.Rfc1 Rg8 22.Bf1 Nf6 23.Re1 Qg5
24.bxa5 bxa5 25.Nb3 a4 26.Nc1 f4 27.Ne4 Nxe4 28.fxe4 Nc5 29.Nd3 Nb3 30.Nb4 Qh4
31.Bd3 Nd4 32.Qd2 Rg5 33.Rf1 Rh5 34.g3 fxg3  0-1

[Event "Australian Open"]
[Site "Penrith AUS"]
[Date "2003.01.02"]
[Round "1"]
[White "Muljadi,H"]
[Black "Stojic,S"]
[Result "1-0"]
[WhiteElo "2201"]
[BlackElo "2037"]

1.d4 Nf6 2.c4 g6 3.Nc3 Bg7 4.e4 d6 5.Nf3 O-O 6.Be2 e5 7.dxe5 dxe5 8.Qxd8 Rxd8
9.Bg5 Re8 10.Nd5 Nxd5 11.cxd5 a6 12.Rc1 h6 13.Be3 c6 14.Bc4 b5 15.Bb3 Bb7
16.O-O Kh7 17.dxc6 Bxc6 18.Bxf7 Rf8 19.Bd5 Bxd5 20.exd5 Rd8 21.Rfd1 e4 22.Bb6 Rd7
23.Nh4 Bxb2 24.Rc8 Be5 25.Re8 Bf6 26.g3 Re7 27.Rxe7+ Bxe7 28.d6 Bf6 29.d7 Nc6
30.Rd6 Bxh4 31.Rxc6 Bd8 32.Rc8  1-0

[Event "32nd Rilton Cup"]
[Site "Stockholm SWE"]
[Date "2003.01.03"]
[Round "7"]
[White "Barkhagen,J"]
[Black "Gallagher,Jo"]
[Result "1-0"]
[WhiteElo "2458"]
[BlackElo "2540"]

1.d4 Nf6 2.c4 g6 3.Nc3 Bg7 4.e4 d6 5.Be2 O-O 6.Nf3 Na6 7.O-O e5 8.Be3 Ng4
9.Bg5 Qe8 10.dxe5 dxe5 11.h3 f6 12.Bd2 Nh6 13.Be3 c6 14.a3 Nf7 15.b4 Qe7
16.Qb3 f5 17.Rad1 f4 18.Bc1 Nc7 19.c5 Ne6 20.Nb1 b6 21.cxb6 axb6 22.Bb2 Kh8
23.a4 Qa7 24.Bc4 Neg5 25.Nbd2 Qe7 26.Rfe1 Ra7 27.Rc1 Bd7 28.b5 c5 29.Bxf7 Nxf7
30.Nc4 Be6 31.Qc2 Bxc4 32.Qxc4 Ng5 33.Nxg5 Qxg5 34.Red1 f3 35.g3 h5 36.Rd6 h4
37.g4 Rf4 38.Kh2 Rf6 39.Rd8+ Kh7 40.Rcd1 Rf8 41.R8d6 Rfa8 42.Bc1 Qe7 43.Qd5 Qb7
44.Rc6 Rf8 45.Bg5 Qf7 46.Rxb6 Rxa4 47.Rb7 Qxd5 48.Rxd5 Kg8 49.Rdd7 Bh8 50.Bh6 Re8
51.Rd6  1-0